Auditoría administrativa : generalidades, auditoría en recursos humanos y gerencias alternas /

Salvato in:
Dettagli Bibliografici
Autore principale: González Mondragón, Armando (autor)
Altri autori: Pieza Rugarcía, Ramón (prólogo) (prólogo)
Natura: Libro
Lingua:spagnolo
Pubblicazione: México : Trillas, 2002, c2002
Soggetti:
Tags: Aggiungi Tag
Nessun Tag, puoi essere il primo ad aggiungerne!!

MARC

LEADER 00000nam^a2200000^a^4500
001 000136951
005 20250521000000.0
009 20260310095336.73
020 |a 968-24-6453-6 
037 |a Acervo ITESO - Biblioteca 
041 |a ESP 
082 |a 658. 4  |b GON 
100 |a González Mondragón, Armando  |e (autor) 
245 1 0 |a Auditoría administrativa :  |b generalidades, auditoría en recursos humanos y gerencias alternas /  |c A. González Mondragón ; pról. de R. Pieza Rugarcía. 
264 4 |a México :  |b Trillas,  |c 2002, c2002 
300 |a 119 p. 
336 |a texto  |b txt  |2 rdacontenido 
337 |a sin mediación  |b n  |2 rdamedio 
338 |a volumen  |b nc  |2 rdasoporte 
649 |a XX 
650 |a Empresas -  |x Administración 
650 |a Gerentes y Jefes 
650 |a Auditoría Administrativa -  |x Tema Principal 
650 |a Proceso Administrativo 
650 |a Administración 
650 |a Recursos Humanos 
650 |a Ciencias Administrativas 
700 |a Pieza Rugarcía, Ramón  |e (prólogo) 
910 |a Fondo General 
920 |a Impresos - Libros 
930 |a Colección General 
905 |a 101 
901 |a 0500065671  |b IT1  |c ACC  |u 20250521 
902 |a https://opac.biblio.iteso.mx/vufind/Record/000136951